| 000 | 00940cam a2200241 4500 | ||
|---|---|---|---|
| 001 | WS108237 | ||
| 008 | 000000n 000 0 eng u | ||
| 035 | _a(Sirsi) u108237 | ||
| 245 | _aACTIN (Alternative Crops Technology Interactive Network) | ||
| 520 | _aThis is a collaboration between industry and government to stimulate the uptake of novel technologies to meet demand for non food crops. The web site includes their newsletter and access to a database of current research and development in alternative crops for a subscription fee. | ||
| 650 | _aALTERNATIVE ENERGY | ||
| 650 | _aALTERNATIVE CROPS | ||
| 650 | _aNON-FOOD CROPS | ||
| 650 | _aINDUSTRIAL CROPS | ||
| 650 | _aPOLYMERS | ||
| 650 | _aOILSEEDS | ||
| 650 | _aORGANISATION | ||
| 650 | 0 | _aNATURAL FIBRES | |
| 650 | _aSET ASIDE | ||
| 690 |
_aRural _96268 |
||
| 856 | 4 | 0 |
_uhttps://www.actin.co.uk _zView the website free of charge at www.actin.co.uk... |
| 942 | _n0 | ||
| 999 |
_c119640 _d119640 |
||